Sports Quiz

Random Sports or NHL Quiz

10+ Goals in the NHL Playoffs Quiz Stats

 Plays Quiz Updated Sep 29, 2020

Support Sporcle.
Go Orange.
Score 0/196 Timer 20:00
20 Plays Today
G Player % Correct
17Wayne Gretzky
93.1%
15Wayne Gretzky
93.1%
13Wayne Gretzky
93.1%
12Wayne Gretzky
93.1%
12Wayne Gretzky
93.1%
10Wayne Gretzky
93.1%
15Sidney Crosby
80.7%
16Mario Lemieux
79.2%
16Mario Lemieux
79.2%
12Mario Lemieux
79.2%
11Mario Lemieux
79.2%
13Claude Lemieux
78.5%
13Claude Lemieux
78.5%
10Claude Lemieux
78.5%
15Mark Messier
77.2%
12Mark Messier
77.2%
12Mark Messier
77.2%
12Mark Messier
77.2%
11Mark Messier
77.2%
18Joe Sakic
72.1%
13Joe Sakic
72.1%
11Jaromir Jagr
71.9%
11Jaromir Jagr
71.9%
10Jaromir Jagr
71.9%
11Bobby Hull
71.4%
10Bobby Hull
71.4%
13Brett Hull
71.4%
11Brett Hull
71.4%
11Brett Hull
71.4%
10Brett Hull
71.4%
15Alex Ovechkin
71%
14Evgeni Malkin
69.5%
10Evgeni Malkin
69.5%
17Mike Bossy
66.8%
17Mike Bossy
66.8%
17Mike Bossy
66.8%
10Mike Bossy
66.8%
19Jari Kurri
66.2%
15Jari Kurri
66.2%
14Jari Kurri
66.2%
14Jari Kurri
66.2%
10Jari Kurri
66.2%
12Maurice Richard
65.3%
11Maurice Richard
65.3%
10Patrick Kane
64.5%
11Alex Ovechkin
64.3%
10Martin St. Louis
62.4%
10Evgeni Malkin
62.2%
11Patrick Kane
59%
10Wendel Clark
58.7%
16Pavel Bure
57.8%
10Mike Modano
57.6%
10Peter Forsberg
56.8%
12Guy Lafleur
56.1%
10Guy Lafleur
56.1%
10Guy Lafleur
56.1%
12Eric Lindros
55.8%
13Phil Esposito
55.7%
13Henrik Zetterberg
55%
11Henrik Zetterberg
55%
10Jonathan Toews
54.2%
13Jarome Iginla
53%
10Pavel Datsyuk
52.8%
12Bryan Trottier
51.9%
11Bryan Trottier
51.9%
12Paul Coffey
51.6%
G Player % Correct
12Brad Richards
50.5%
17Kevin Stevens
49.7%
13Kevin Stevens
49.7%
14Daniel Alfredsson
49%
14Glenn Anderson
48.7%
10Glenn Anderson
48.7%
10Glenn Anderson
48.7%
10Glenn Anderson
48.7%
16Cam Neely
47.7%
12Cam Neely
47.7%
10Eric Staal
47.3%
12Marian Hossa
47.2%
11Bobby Smith
44.4%
12Luc Robitaille
44%
14Joe Pavelski
42.8%
11Doug Gilmour
42.6%
10Doug Gilmour
42.6%
12Jeremy Roenick
42.6%
11Jeremy Roenick
42.6%
13Joe Pavelski
41.4%
10Corey Perry
41.1%
12Jean Beliveau
40.6%
11Denis Savard
40.2%
10Mark Recchi
39.9%
10Claude Giroux
39.9%
10Jeff Carter
39.8%
10Phil Kessel
39.6%
14Brayden Point
39.6%
11Joe Nieuwendyk
39.5%
10Joe Nieuwendyk
39.5%
11Lanny McDonald
39.5%
10Lanny McDonald
39.5%
10Sergei Fedorov
39.4%
10Andy McDonald
39.3%
11Nikita Kucherov
39%
10Nikita Kucherov
39%
11Patrick Sharp
38.2%
14Logan Couture
37.9%
13Tyler Johnson
37.6%
13Rod Brind'Amour
36.6%
12Rod Brind'Amour
36.6%
12Trevor Linden
35.7%
11Vladimir Tarasenko
35.2%
14Dino Ciccarelli
34.9%
11Brad Marchand
34.8%
19Reggie Leach
34.8%
10Logan Couture
34.4%
12Dave Andreychuk
33.9%
10Jake Guentzel
33.4%
11Brian Leetch
33%
10Patrick Sharp
32.4%
12Evgeny Kuznetsov
31.5%
13Jake Guentzel
31.2%
10Victor Hedman
30.9%
13Johan Franzen
30.5%
12Johan Franzen
30.5%
10Adam Graves
29.6%
10Mark Johnson
29.3%
12David Krejci
29%
12Bill Barber
28.8%
11Bill Barber
28.8%
14Marian Gaborik
28.7%
11John Bucyk
28.3%
14Mark Scheifele
27.6%
12Danny Briere
27.3%
10Brian Bellows
27.3%
G Player % Correct
15Yvan Cournoyer
26.7%
10Yvan Cournoyer
26.7%
11Michel Goulet
26.7%
16Joe Mullen
26.5%
12Joe Mullen
26.5%
10Bo Horvat
26.5%
14Tim Kerr
25.8%
10Tim Kerr
25.8%
10Tomas Hertl
25.2%
14Brian Propp
25%
12Brian Propp
25%
13Esa Tikkanen
24.9%
12Esa Tikkanen
24.7%
10Esa Tikkanen
24.7%
10Gilbert Perreault
24.4%
11Vincent Damphousse
24.2%
11Jacques Lemaire
24.1%
12Clark Gillies
23.8%
10Brent Sutter
23.7%
12Darryl Sutter
23.7%
11Bernie Geoffrion
22.9%
16Craig Simpson
22.8%
13Craig Simpson
22.8%
11Rick Middleton
22.2%
11Ondrej Palat
21.3%
14Frank Mahovlich
20.8%
10Butch Goring
20.8%
10Pete Mahovlich
20.8%
11Rick Tocchet
20.5%
10Kirk Muller
19.3%
13Rick MacLeish
18.9%
11Rick MacLeish
18.9%
12Jaden Schwartz
18.8%
11Chris Drury
17.8%
11Dustin Byfuglien
17.5%
10Petr Sykora
17.4%
10Pit Martin
17.4%
14Fernando Pisani
16.9%
11Jamie Langenbrunner
16.1%
10Jamie Langenbrunner
16.1%
12Dave Gagner
16%
10Petr Klima
15.5%
13Michael Cammalleri
15%
10Jere Lehtinen
14.6%
12Ruslan Fedotenko
13.2%
10Valeri Kamensky
13.1%
14Barry Pederson
13.1%
10Petr Nedved
12%
13Ray Ferraro
11.9%
17Steve Payne
10.9%
14John Druce
10.7%
11Ken Linseman
9.7%
10Ken Linseman
9.7%
10Bob Bourne
9.6%
11Gregg Sheppard
9%
11Newsy Lalonde
8.8%
10Jeff Friesen
5.8%
10R.J. Umberger
5.4%
10Jim Pappin
5.3%
10Dave Lowry
5.1%
10Paul Holmgren
3.8%
10Marcel Bonin
3.6%
11Bobby Schmautz
3.5%
10Greg Paslawski
2%

You're not logged in!

Compare scores with friends on all Sporcle quizzes.
OR
Log In

From the Vault

Multiple Guess Seinfeld

by razorz

What's the deal with giving you more than one guess?
Remove Ads.
Support Sporcle.
Get the best of Sporcle when you Go Orange. This ad-free experience offers more features, more stats, and more fun while also helping to support Sporcle. Thank you for becoming a member.

Show Comments

Extras

Top Quizzes Today


Score Distribution

Your Account Isn't Verified!

In order to create a playlist on Sporcle, you need to verify the email address you used during registration. Go to your Sporcle Settings to finish the process.

Report this User

Report this user for behavior that violates our Community Guidelines.

Details: